| 000 | 00862nam a22002057a 4500 | ||
|---|---|---|---|
| 999 |
_c13281 _d13281 |
||
| 003 | AR-CdUCM | ||
| 008 | 190306b ||||| |||| 00| 0 spa d | ||
| 040 |
_aMUNICIPALIDAD PROVINCIAL DEL CUSCO _cBIBLIOTECA MUNICIPAL DEL CUSCO |
||
| 082 |
_aC / 465 / _bM672 |
||
| 100 |
_aMiranda Z., Elvio _911187 |
||
| 245 |
_aGramatica : _bTendencias estructuralistas / |
||
| 260 |
_aCusco : _bMiranda Z., Elvio, _c1971. |
||
| 300 |
_a115 paginas ; _c21 cm. |
||
| 505 | _aLos primeros estudios la gramática normativa i la gramática lógica -- La orientación psicológica en los estudios gramaticales -- Los estudios comparatistas la gramática comparada -- Lengua i parole -- Diacronía y sincronía... | ||
| 650 |
_aEl lenguaje _97081 |
||
| 650 |
_aLa gramática _911188 |
||
| 650 |
_aGramática histórica _911189 |
||
| 942 |
_2ddc _cLIBROS |
||
| 945 |
_awfj _d2019-04-11 |
||